000 00383nam a22001577a 4500
999 _c7438
_d7436
005 20210906153937.0
008 210127b xxu||||| |||| 00| 0 eng d
020 _a9788174734051
041 _aeng
100 _aNATH ,UDAY
_96337
245 _aHANDBOOK FOR MEDICAL REPRESENTATIVE
260 _aINDIA
_bAITBS PUBLISHERS
300 _a88;p
650 _aPHARMACY
_96903
942 _cBK